वेदामृतम : (Record no. 120809)

MARC details
000 -LEADER
fixed length control field 01198nam a22002537a 4500
005 - DATE AND TIME OF LATEST TRANSACTION
control field 20170124103203.0
010 ## - LIBRARY OF CONGRESS CONTROL NUMBER
LC control number B-195526
020 ## - INTERNATIONAL STANDARD BOOK NUMBER
Terms of availability 300.00
International Standard Book Number 8175700610
035 ## - SYSTEM CONTROL NUMBER
System control number B-195526
037 ## - SOURCE OF ACQUISITION
Source of stock number/acquisition Cen Lib/Ret
040 ## - CATALOGING SOURCE
Original cataloging agency DPL
Language of cataloging HN
082 ## - DEWEY DECIMAL CLASSIFICATION NUMBER
Classification number 220.2
Item number कृष्णद
100 ## - MAIN ENTRY--PERSONAL NAME
Personal name कृष्णदत्त शास्त्री
9 (RLIN) 45019
245 ## - TITLE STATEMENT
Title वेदामृतम :
Statement of responsibility, etc कृष्णदत्त शास्त्री
Remainder of title वेड शास्त्रों से प्रमानोक्त /
246 ## - VARYING FORM OF TITLE
Title proper/short title Vedamritam : veda shastron se pramanokt /
Remainder of title by Krishan Datta Shastri
260 ## - PUBLICATION, DISTRIBUTION, ETC. (IMPRINT)
Place of publication, distribution, etc नई दिल्ली
Name of publisher, distributor, etc सूर्यप्रभा प्रकाशन
Date of publication, distribution, etc 2005
270 ## - ADDRESS
City नई दिल्ली
Address 2/9, अंसारी रोड, दरियागंज
Postal code 110002
300 ## - PHYSICAL DESCRIPTION
Extent 279पृ.
Dimensions 21सेमी (सजिल्द)
650 ## - SUBJECT ADDED ENTRY--TOPICAL TERM
Topical term or geographic name as entry element हिन्दू धर्म -- वेद
9 (RLIN) 9498
650 ## - SUBJECT ADDED ENTRY--TOPICAL TERM
Topical term or geographic name as entry element अध्यात्म एवं परमात्मा
9 (RLIN) 87556
650 ## - SUBJECT ADDED ENTRY--TOPICAL TERM
Topical term or geographic name as entry element Hinduism -- Veda
9 (RLIN) 92710
650 ## - SUBJECT ADDED ENTRY--TOPICAL TERM
Topical term or geographic name as entry element Spirituality and divine
9 (RLIN) 92711
942 ## - ADDED ENTRY ELEMENTS (KOHA)
Source of classification or shelving scheme Dewey Decimal Classification
Koha item type Hindi Books
Classification part 220.2
Call number suffix कृष्णद
Holdings
Withdrawn status Lost status Damaged status Not for loan Home library Current library Date acquired Source of acquisition Cost, normal purchase price Total Checkouts Full call number Barcode Date last seen Date checked out Copy number Cost, replacement price Price effective from Koha item type
        Central Library Central Library 28/09/2015 Cen Lib/Ret 300.00 2 220.2 कृष्णद B-195526 18/04/2019 02/04/2019 1 300.00 28/09/2015 Hindi Books

© Delhi Public Library
Hit Counter
free hit counter